书目信息 |
| 题名: |
自动化立体仓库设备操作
|
|
| 作者: | 胡自强 , 关黎明 主编 | |
| 分册: | ||
| 出版信息: | 郑州 河南科学技术出版社 2020 |
|
| 页数: | 186页 | |
| 开本: | 26cm | |
| 丛书名: | ||
| 单 册: | ||
| 中图分类: | F715.6-39 | |
| 科图分类: | ||
| 主题词: | 自动化技术--应用--立体仓库--设备--操作--技术培训--教材 | |
| 电子资源: | ||
| ISBN: | 978-7-5725-0229-3 | |
| 000 | 01046nam0 2200253 450 | |
| 001 | 011388791 | |
| 005 | 20211028161002.0 | |
| 010 | @a978-7-5725-0229-3@dCNY55.00 | |
| 100 | @a20210901d2020 em y0chiy0120 ea | |
| 101 | 0 | @achi |
| 102 | @aCN@b410000 | |
| 105 | @aa z 000yy | |
| 106 | @ar | |
| 200 | 1 | @a自动化立体仓库设备操作@9zi dong hua li ti cang ku she bei cao zuo@f《自动化立体仓库设备操作》编写组编 |
| 210 | @a郑州@c河南科学技术出版社@d2020 | |
| 215 | @a186页@c图@d26cm | |
| 300 | @a全国烟草行业统编培训教材 | |
| 330 | @a本书依据自动化立体仓库常用设备的管理规范、作业流程、员工作业指导规范、安全操作规程、设备技术手册,以及企业自行编制的培训课件和故障手册等内容,介绍了在自动化立体仓库中应用较为广泛的多种设备,并对其设备特点、应用场景、规范操作、日常保养等内容进行阐述。 | |
| 606 | 0 | @a自动化技术@x应用@x立体仓库@x设备@x操作@x技术培训@j教材 |
| 690 | @aF715.6-39@v5 | |
| 701 | 0 | @a胡自强@9hu zi qiang@4主编 |
| 701 | 0 | @a关黎明@9guan li ming@4主编 |
| 801 | 0 | @aCN@bBJXHZP@c20230222 |
| 905 | @b1394146-8@dF715.6-39@e1235@f3@S@Z | |
| 自动化立体仓库设备操作/《自动化立体仓库设备操作》编写组编.-郑州:河南科学技术出版社,2020 |
| 186页:图;26cm |
| 全国烟草行业统编培训教材 |
| ISBN 978-7-5725-0229-3:CNY55.00 |
| 本书依据自动化立体仓库常用设备的管理规范、作业流程、员工作业指导规范、安全操作规程、设备技术手册,以及企业自行编制的培训课件和故障手册等内容,介绍了在自动化立体仓库中应用较为广泛的多种设备,并对其设备特点、应用场景、规范操作、日常保养等内容进行阐述。 |
| ● |
| 相关链接 |
|
|
|
|
正题名:自动化立体仓库设备操作
索取号:F715.6-39/1235
 
预约/预借
| 序号 | 登录号 | 条形码 | 馆藏地/架位号 | 状态 | 备注 |
| 1 | 1394146 | 213941467 | 第一样本阅览室/ [索取号:F715.6-39/1235] | 在馆 | |
| 2 | 1394147 | 213941476 | 第一借阅区/ [索取号:F715.6-39/1235] | 在馆 | |
| 3 | 1394148 | 213941485 | 第一借阅区/ [索取号:F715.6-39/1235] | 在馆 |